000
00214nam a2200097Ia 4500
005
20251222114357.0
008
251222s1900||||xx |||||||||||||| ||spa||
082
_a
DVD0110/O76
245
0
_a
Kung Fu Panda:
942
_c
DVD
999
_c
1490
_d
1490